Mixed Word: Common bond XLIV Quiz Stats

Quiz Updated Sep 13, 2012

Challenge
Share
Tweet
Embed
Score 0/16 Timer 02:00
0 Plays Today
Scrambled Word Answer % Correct
TUOOUT
98.4%
CHIPNPINCH
94%
BUTNBUNT
92.1%
CHIPTPITCH
87.1%
DIESLSLIDE
86.1%
Theme that links them all:BASEBALL
79.9%
RUCEVCURVE
72%
FINELDIINFIELD
69.9%
Scrambled Word Answer % Correct
RECHATCCATCHER
67.8%
LATESSTEAL
66.1%
GODUTUDUGOUT
60.8%
LENPUBLBULLPEN
53.4%
RECIFICASSACRIFICE
48.2%
RISKTESTRIKE
43.7%
NAPETNNPENNANT
29.7%
LIFEERRELIEF
27.3%

You're not logged in!

Compare scores with friends on all Sporcle quizzes.
Sign Up with Email
OR
Log In

You Might Also Like...

Show Comments

Extras

Top Quizzes Today


Score Distribution

Your Account Isn't Verified!

In order to create a playlist on Sporcle, you need to verify the email address you used during registration. Go to your Sporcle Settings to finish the process.